[Event "GER-ch U25-B"]
[Site "Willingen"]
[Date "2023.05.29"]
[Round "3"]
[White "Aguike, Chidera"]
[Black "Fellberg, Justus"]
[Result "1/2-1/2"]
[WhiteElo "1449"]
[BlackElo "1502"]
[PlyCount "57"]
[EventDate "2023.05.27"]
[EventType "swiss"]
[EventRounds "9"]
[EventCountry "GER"]
[SourceTitle "CBM 214 Extra"]
[Source "ChessBase"]
[SourceDate "2023.07.31"]
[SourceVersion "1"]
[SourceVersionDate "2023.07.31"]
[SourceQuality "1"]

1. e4 Nc6 2. d4 d5 3. exd5 Qxd5 4. Nf3 Bg4 5. Be2 e6 6. h3 Bh5 7. 0-0 0-0-0 8. c3 f6 9. Nbd2 g5 10. Re1 Bf7 11. Bd3 h5 12. Qa4 Nge7 13. Bc4 Qf5 14. Qb3 Nd5 15. Nh2 Bd6 16. Ne4 Bxh2+ 17. Kxh2 Na5 18. Qb5 Nxc4 19. Qxc4 h4 20. f3 Nb6 21. Qc5 Qxc5 22. Nxc5 Rde8 23. b3 Rhg8 24. Ne4 Rg6 25. Bd2 Reg8 26. Re2 Nd7 27. Rae1 e5 28. Be3 exd4 29. Bxd4 1/2-1/2

[Event "Itzehoe op"]
[Site "Itzehoe"]
[Date "2022.10.03"]
[Round "5"]
[White "Gressmann, Hanna"]
[Black "Aguike, Chidera"]
[Result "1-0"]
[WhiteElo "1870"]
[BlackElo "1352"]
[PlyCount "75"]
[EventDate "2022.10.01"]
[EventType "swiss"]
[EventRounds "5"]
[EventCountry "GER"]
[SourceTitle "CBM 210 Extra"]
[Source "ChessBase"]
[SourceDate "2022.11.30"]
[SourceVersion "1"]
[SourceVersionDate "2022.11.30"]
[SourceQuality "1"]

1. e4 e5 2. Nf3 Nc6 3. Bc4 Bc5 4. c3 Nf6 5. d4 exd4 6. e5 d5 7. Bb5 Ne4 8. cxd4 Bb4+ 9. Bd2 Bxd2+ 10. Nbxd2 Nxd2 11. Qxd2 Bd7 12. 0-0 0-0 13. Rac1 Nxe5 14. dxe5 Bxb5 15. Rfd1 Bc6 16. Nd4 Re8 17. f4 Bd7 18. Re1 c6 19. Rc3 Kh8 20. Kh1 Rc8 21. Rg3 c5 22. Nf3 Bc6 23. Ng5 Rc7 24. Qd3 g6 25. Rc1 c4 26. Qd4 h6 27. e6+ f6 28. Nf7+ Rxf7 29. exf7 Re6 30. Rxg6 Qe7 31. Qf2 Kh7 32. f5 Re2 33. f8N+ Kh8 34. Rxh6+ Kg8 35. Qg3+ Qg7 36. Rg6 Qxg6 37. Nxg6 d4 38. Nf4+ 1-0